[Event "18sen.Bay.EM2006 Schney op"]
[Site "Schloss Schney (25.6.-3.7)"]
[Date "2006.07.03"]
[Round "9.4"]
[White "Oechslein, Rainer"]
[Black "Petzold, Hans ProfDr(36)"]
[Result "1/2-1/2"]
[WhiteElo "2176"]
[BlackElo "2023"]
[PlyCount "36"]
[EventDate "2006.07.??"]
[Source "Ganslmayer"]
[SourceDate "2012.12.20"]

1. e4 e6 2. d4 d5 3. Nc3 Bb4 4. Qd3 dxe4 5. Qxe4 Nf6 6. Qh4 Nbd7 7. Bd2 b6 8.
Bd3 Bb7 9. Nge2 Qe7 10. Qg3 Bd6 11. f4 a6 12. O-O-O O-O-O 13. Rhe1 g5 14. Qf2
gxf4 15. Bxf4 Bxf4+ 16. Nxf4 Ng4 17. Qg1 Qg5 18. g3 e5 1/2-1/2

[Event "18sen.Bay.EM2006 Schney op"]
[Site "Schloss Schney (25.6.-3.7)"]
[Date "2006.07.03"]
[Round "9.5"]
[White "Hein, Manfred(36)"]
[Black "Goy, Udo"]
[Result "1/2-1/2"]
[WhiteElo "2021"]
[BlackElo "2107"]
[PlyCount "120"]
[EventDate "2006.07.??"]
[Source "Ganslmayer"]
[SourceDate "2012.12.20"]

1. e4 g6 2. d4 Bg7 3. Nf3 c6 4. Be2 d5 5. exd5 cxd5 6. O-O Nc6 7. c3 Nf6 8. Bf4
O-O 9. Nbd2 Bf5 10. Nh4 Be6 11. h3 a6 12. Bd3 b5 13. b4 a5 14. Bxb5 Qb6 15.
Bxc6 Qxc6 16. Qb3 axb4 17. cxb4 Qb6 18. Nhf3 Ne4 19. Qb2 Rfc8 20. Rfc1 g5 21.
Be5 f6 22. Bh2 h5 23. Nxe4 dxe4 24. Nd2 Rxc1+ 25. Rxc1 Rxa2 26. Qc3 f5 27. Be5
Bxe5 28. dxe5 Kf7 29. g4 e3 30. fxe3 hxg4 31. hxg4 f4 32. Ne4 Kg6 33. Nc5 Bxg4
34. Qc4 Ra8 35. exf4 Bf5 36. fxg5 Qc6 37. Qh4 Kg7 38. Qh6+ Qxh6 39. gxh6+ Kxh6
40. Kf2 Ra3 41. Rc4 Kg5 42. Ke2 Bc8 43. Kd2 Kf5 44. Re4 Be6 45. Re1 Bc4 46. Kc2
Rh3 47. Kd2 Rg3 48. e6 Rh3 49. Kc2 Rg3 50. Kb2 Rh3 51. Kc2 Rf3 52. Kd2 Rh3 53.
Rg1 Rh6 54. Rg7 Bxe6 55. Rxe7 Rh2+ 56. Kc3 Rh3+ 57. Kb2 Rh2+ 58. Kc3 Rh3+ 59.
Kd2 Rh2+ 60. Ke3 Rh3+ 1/2-1/2

[Event "18sen.Bay.EM2006 Schney op"]
[Site "Schloss Schney (25.6.-3.7)"]
[Date "2006.07.03"]
[Round "9.6"]
[White "Rost van Tonningen, Otto"]
[Black "Schulz, Wolfgang(32)"]
[Result "0-1"]
[WhiteElo "1958"]
[BlackElo "2035"]
[PlyCount "108"]
[EventDate "2006.07.??"]
[Source "Ganslmayer"]
[SourceDate "2012.12.20"]

1. d4 d5 2. Nf3 Nf6 3. Bf4 c5 4. e3 e6 5. c3 Bd6 6. Bxd6 Qxd6 7. Bd3 Nc6 8. O-O
O-O 9. Nbd2 e5 10. dxc5 Qxc5 11. e4 Bg4 12. exd5 Qxd5 13. Be2 Rad8 14. Nb3 Qe4
15. Nbd2 Qf4 16. Qe1 e4 17. Nd4 Nxd4 18. cxd4 Rxd4 19. Nb3 Bxe2 20. Qxe2 Rd5
21. Rad1 Rxd1 22. Rxd1 Re8 23. h3 Qe5 24. Qe3 b6 25. Qd4 Kf8 26. Qb4+ Qe7 27.
Qd4 g6 28. Kf1 Qe5 29. Qxe5 Rxe5 30. Rc1 Nd5 31. Nd4 Re7 32. Rc8+ Kg7 33. Nc6
Rd7 34. Ne5 Rc7 35. Rxc7 Nxc7 36. Nc6 a5 37. Ne5 Nd5 38. Ke2 Kf6 39. Nc4 Ke6
40. a3 a4 41. g3 f5 42. f3 exf3+ 43. Kxf3 b5 44. Nd2 Ke5 45. Ke2 Nb6 46. Kd3
Kd5 47. Kc3 Nc4 48. Nf3 h6 49. Nh4 Ne5 50. Ng2 Ke4 51. Ne1 g5 52. Nc2 Nc6 53.
Ne1 f4 54. gxf4 Kxf4 0-1

[Event "18sen.Bay.EM2006 Schney op"]
[Site "Schloss Schney (25.6.-3.7)"]
[Date "2006.07.03"]
[Round "9.8"]
[White "Jaenig, Reinhard"]
[Black "Anliker, Peter"]
[Result "1-0"]
[WhiteElo "2021"]
[BlackElo "1947"]
[PlyCount "61"]
[EventDate "2006.07.??"]
[Source "Ganslmayer"]
[SourceDate "2012.12.20"]

1. e4 c5 2. Nf3 d6 3. d4 cxd4 4. Nxd4 Nf6 5. Nc3 a6 6. Bg5 e6 7. f4 Be7 8. Qf3
Qc7 9. O-O-O Nbd7 10. Bd3 b5 11. Rhe1 Rb8 12. Kb1 b4 13. Nd5 exd5 14. exd5 Kf8
15. Nc6 Bd8 16. Nxb8 Nxb8 17. Rd2 h6 18. Bh4 Bg4 19. Qe3 Bd7 20. Rde2 Qb6 21.
Qd2 Qd4 22. Bf2 Qxd5 23. Qxb4 Nc6 24. Qb7 Be6 25. b3 Ne7 26. Qb8 Qa5 27. Qxd6
Bc7 28. Qc5 Nfd5 29. f5 Nc3+ 30. Kb2 Nxe2 31. Rxe2 1-0

[Event "18sen.Bay.EM2006 Schney op"]
[Site "Schloss Schney (25.6.-3.7)"]
[Date "2006.07.03"]
[Round "9.9"]
[White "Walther, Diethelm"]
[Black "Schmidt, Walter(43)"]
[Result "1-0"]
[WhiteElo "2036"]
[BlackElo "1881"]
[PlyCount "87"]
[EventDate "2006.07.??"]
[Source "Ganslmayer"]
[SourceDate "2012.12.20"]

1. d4 d5 2. Bg5 Nf6 3. Nc3 e6 4. f3 Nbd7 5. e4 dxe4 6. fxe4 Be7 7. Nf3 h6 8.
Bf4 a6 9. Be2 O-O 10. O-O b6 11. Qd2 Bb4 12. Bd3 Re8 13. e5 Nd5 14. Bxh6 Qe7
15. Bg5 f6 16. exf6 gxf6 17. Bh4 Qg7 18. a3 Bd6 19. Ne2 Bb7 20. c4 Ne7 21. Nf4
Qg4 22. Bg3 Nf5 23. Bxf5 exf5 24. d5 Nc5 25. Nd4 Ne4 26. Qd3 Bc5 27. b4 Bxd4+
28. Qxd4 Kf7 29. Rf3 Rad8 30. Ne6 Rd7 31. Raf1 Rxe6 32. dxe6+ Kxe6 33. Qe3 Kf7
34. Rxf5 Re7 35. Qd4 Qg6 36. Be5 Ke8 37. Bg3 Nxg3 38. hxg3 Qxg3 39. Qf2 Qg4 40.
Rf4 Qg5 41. Rxf6 Be4 42. Rd1 Qg7 43. Rf4 Qg8 44. Qd2 1-0

[Event "18sen.Bay.EM2006 Schney op"]
[Site "Schloss Schney (25.6.-3.7)"]
[Date "2006.07.03"]
[Round "9.11"]
[White "Schurig, Wilhelm"]
[Black "Krafzik, Joachim"]
[Result "1-0"]
[WhiteElo "2023"]
[BlackElo "1841"]
[PlyCount "113"]
[EventDate "2006.07.??"]
[Source "Ganslmayer"]
[SourceDate "2012.12.20"]

1. Nf3 e6 2. g3 f5 3. d3 b6 4. Bg2 Bb7 5. O-O Nf6 6. Nbd2 Be7 7. e4 fxe4 8. Ng5
O-O 9. Ngxe4 Nxe4 10. Nxe4 Nc6 11. h4 Qe8 12. c3 Rb8 13. b4 a5 14. b5 Nd8 15.
Bf4 Rc8 16. h5 Ba8 17. d4 Nf7 18. Qd2 h6 19. c4 Nd6 20. Bxd6 cxd6 21. Qe2 Qf7
22. Rad1 d5 23. Nd2 dxc4 24. Bxa8 Rxa8 25. Nxc4 Rab8 26. Ne5 Qe8 27. Ng6 Rf6
28. d5 Bc5 29. dxe6 Qxe6 30. Qxe6+ Rxe6 31. Nf4 Re7 32. Rd5 d6 33. Kg2 Re4 34.
Nd3 Ba3 35. Re1 Rxe1 36. Nxe1 Re8 37. Kf1 Re5 38. Rxe5 dxe5 39. Ke2 Kf7 40. Kd3
Ke6 41. Ke4 Bd6 42. Nd3 Bc7 43. Nb2 Bd6 44. Nc4 Bc5 45. f3 Bf2 46. g4 Bc5 47.
Nxe5 Bd6 48. f4 Bc5 49. Nf3 Bd6 50. g5 hxg5 51. fxg5 Bf8 52. a4 Kd6 53. Ne5 Ke6
54. Nc4 Bc5 55. h6 gxh6 56. gxh6 Kf7 57. Kd5 1-0

[Event "18sen.Bay.EM2006 Schney op"]
[Site "Schloss Schney (25.6.-3.7)"]
[Date "2006.07.03"]
[Round "9.12"]
[White "Geisensetter, Franz"]
[Black "Fritsch, Wolfgang(36)"]
[Result "1-0"]
[WhiteElo "1992"]
[BlackElo "1729"]
[PlyCount "75"]
[EventDate "2006.07.??"]
[Source "Ganslmayer"]
[SourceDate "2012.12.20"]

1. e4 e5 2. Nf3 Nf6 3. d4 Nxe4 4. dxe5 d5 5. Bd3 Nc5 6. Be2 Be7 7. Nc3 c6 8.
O-O O-O 9. b4 Ne6 10. a3 Nd7 11. Na4 b5 12. Nb2 a5 13. Bd2 axb4 14. axb4 Bb7
15. Nd3 Qb6 16. Be3 Qc7 17. Qd2 Nb6 18. Bxb6 Qxb6 19. c3 Rxa1 20. Rxa1 Ra8 21.
Rxa8+ Bxa8 22. Nf4 Ng5 23. Kf1 Bb7 24. Nxd5 cxd5 25. Nxg5 f6 26. Nf3 fxe5 27.
Nxe5 Qd6 28. Nf3 Bc6 29. g3 Bd7 30. h4 Kf8 31. Nd4 Qa6 32. Kg2 Bf6 33. h5 Bxd4
34. Qxd4 Qc6 35. Bf3 Be6 36. h6 gxh6 37. Qf6+ Kg8 38. Bg4 1-0

[Event "18sen.Bay.EM2006 Schney op"]
[Site "Schloss Schney (25.6.-3.7)"]
[Date "2006.07.03"]
[Round "9.13"]
[White "Romanow, Werner"]
[Black "Pietruske, Siegfried"]
[Result "1-0"]
[WhiteElo "1966"]
[BlackElo "1819"]
[PlyCount "79"]
[EventDate "2006.07.??"]
[Source "Ganslmayer"]
[SourceDate "2012.12.20"]

1. c4 e6 2. Nf3 f5 3. g3 Nf6 4. Bg2 d5 5. cxd5 exd5 6. d3 Bd6 7. Nc3 c6 8. Bg5
O-O 9. O-O h6 10. Bxf6 Qxf6 11. e3 Nd7 12. d4 Re8 13. a3 Qf7 14. Nd2 Nf6 15.
Rc1 Be6 16. Na4 Qe7 17. Nc5 Ne4 18. Nxe6 Qxe6 19. Nb3 Qe7 20. Re1 Qf7 21. Qd3
g6 22. Re2 Re7 23. Rec2 Rae8 24. Nd2 Qf6 25. b4 Nxd2 26. Qxd2 g5 27. b5 cxb5
28. Bxd5+ Kg7 29. Qd3 a6 30. Rc8 Rf8 31. Ba2 f4 32. Bb1 Kh8 33. e4 fxg3 34.
Rxf8+ Qxf8 35. fxg3 Rf7 36. e5 Bxa3 37. Rd1 Qg7 38. Kg2 Qf8 39. Rf1 Kg8 40. Ba2
1-0

[Event "18sen.Bay.EM2006 Schney op"]
[Site "Schloss Schney (25.6.-3.7)"]
[Date "2006.07.03"]
[Round "9.14"]
[White "Mueller, Helmut(05.35)++"]
[Black "Kude, Klaus-Peter"]
[Result "1/2-1/2"]
[WhiteElo "1850"]
[BlackElo "1757"]
[PlyCount "29"]
[EventDate "2006.07.??"]
[Source "Ganslmayer"]
[SourceDate "2012.12.20"]

1. Nf3 Nf6 2. g3 d5 3. Bg2 c6 4. d3 Bf5 5. Bg5 Nbd7 6. O-O h6 7. Bxf6 Nxf6 8.
Nbd2 e6 9. Re1 Bc5 10. e4 dxe4 11. dxe4 Bg4 12. c3 O-O 13. Qb3 Qb6 14. Qxb6
Bxb6 15. Nc4 1/2-1/2

[Event "18sen.Bay.EM2006 Schney op"]
[Site "Schloss Schney (25.6.-3.7)"]
[Date "2006.07.03"]
[Round "9.15"]
[White "Dohmel, Wolfgang(39)++"]
[Black "Baessler, Arwed"]
[Result "1-0"]
[WhiteElo "1770"]
[BlackElo "1751"]
[PlyCount "93"]
[EventDate "2006.07.??"]
[Source "Ganslmayer"]
[SourceDate "2012.12.20"]

1. d4 Nf6 2. e3 g6 3. f4 d5 4. Bd3 Bg7 5. Nf3 Bg4 6. c3 Ne4 7. Nbd2 f5 8. Qb3
b6 9. Ne5 Bxe5 10. dxe5 e6 11. O-O O-O 12. Nf3 Bxf3 13. Rxf3 Nc5 14. Qc2 Nxd3
15. Qxd3 Nd7 16. b4 c5 17. a3 c4 18. Qe2 b5 19. Bd2 Nb6 20. Rh3 Na4 21. g4 Nb2
22. gxf5 exf5 23. Be1 Nd3 24. Bh4 Qb6 25. Kh1 a5 26. Rg1 axb4 27. axb4 Ra3 28.
Qf3 Qc6 29. Bf6 Rxf6 30. exf6 Ra2 31. Rf1 Qe6 32. Rg3 Kf7 33. Rg2 Rxg2 34. Kxg2
Kxf6 35. Ra1 h6 36. h4 Qe4 37. Qxe4 fxe4 38. Ra5 Ne1+ 39. Kf2 Nf3 40. Rxb5 Nxh4
41. Rxd5 Nf5 42. b5 Ke6 43. Re5+ Kd6 44. Rxe4 h5 45. Rxc4 h4 46. Rc6+ Kd5 47.
Rxg6 1-0

[Event "18sen.Bay.EM2006 Schney op"]
[Site "Schloss Schney (25.6.-3.7)"]
[Date "2006.07.03"]
[Round "9.16"]
[White "Muenzenberg, Dietrich"]
[Black "Reichwald, Klaus"]
[Result "0-1"]
[WhiteElo "1697"]
[BlackElo "1749"]
[PlyCount "148"]
[EventDate "2006.07.??"]
[Source "Ganslmayer"]
[SourceDate "2012.12.20"]

1. d4 Nf6 2. Bg5 h6 3. Bxf6 exf6 4. e3 d5 5. Nd2 Bd6 6. g3 Bf5 7. Bg2 c6 8. Ne2
Nd7 9. O-O O-O 10. Re1 Bg6 11. a3 f5 12. Rc1 Nf6 13. c4 Re8 14. Qb3 dxc4 15.
Nxc4 Rb8 16. Qa4 a6 17. Nxd6 Qxd6 18. b4 Re7 19. Qb3 Rbe8 20. Qc4 Ng4 21. Nf4
Bh7 22. h3 Nf6 23. Qc5 Qxc5 24. bxc5 g5 25. Ne2 Ne4 26. Rcd1 Rd8 27. f3 Nf6 28.
Kf2 Nd5 29. Rd3 f4 30. e4 fxg3+ 31. Kxg3 Rde8 32. Rb3 Nf6 33. Reb1 Rb8 34. R1b2
Nh5+ 35. Kf2 f5 36. e5 f4 37. Rb6 Bd3 38. Rxc6 Bxe2 39. Kxe2 Ng3+ 40. Kd3 Nf5
41. Rxa6 Rd8 42. Ra4 Rxe5 43. Rxb7 Re3+ 44. Kd2 Nxd4 45. Kc1 Nb3+ 46. Rxb3 Rxb3
47. Kc2 Re3 48. Bf1 Rxf3 49. Bc4+ Kh8 50. c6 Rc8 51. Bd5 Rf2+ 52. Kd1 Rc7 53.
Re4 Kg7 54. Rb4 Kf6 55. Rb7 Rxb7 56. cxb7 Rb2 57. a4 Ke5 58. Kc1 Rb4 59. Bf3
Kd6 60. a5 Kc7 61. a6 Kb8 62. Kd2 Ra4 63. Be2 Ra2+ 64. Ke1 Ra3 65. Bf1 h5 66.
Kf2 g4 67. hxg4 hxg4 68. Kg2 Ra2+ 69. Kg1 f3 70. Bc4 Rg2+ 71. Kf1 g3 72. Bd5
Rd2 73. Bxf3 Rf2+ 74. Kg1 Rxf3 0-1

[Event "18sen.Bay.EM2006 Schney op"]
[Site "Schloss Schney (25.6.-3.7)"]
[Date "2006.07.03"]
[Round "9.17"]
[White "Fels, Karl-Heinz"]
[Black "Weschke, Wolfgang++"]
[Result "1-0"]
[WhiteElo "1766"]
[BlackElo "2114"]
[PlyCount "71"]
[EventDate "2006.07.??"]
[Source "Ganslmayer"]
[SourceDate "2012.12.20"]

1. e4 c5 2. Nf3 e6 3. Nc3 a6 4. a3 b6 5. d4 cxd4 6. Nxd4 Bb7 7. f3 Qh4+ 8. g3
Qd8 9. Be3 Nf6 10. Qd2 Qc7 11. O-O-O Nc6 12. g4 h6 13. h4 Nxd4 14. Bxd4 b5 15.
Kb1 b4 16. axb4 Bxb4 17. Qe3 Bxc3 18. Bxc3 Rc8 19. g5 Nh5 20. Rg1 Nf4 21. Qd4
Nh5 22. f4 e5 23. fxe5 Nf4 24. gxh6 Ne6 25. hxg7 Rg8 26. Qe3 Qc5 27. Qd2 Qe7
28. Qh6 Rxc3 29. bxc3 Qc5 30. Qd2 Bc6 31. Bh3 Ke7 32. Qd6+ Qxd6 33. exd6+ Kf6
34. Bxe6 fxe6 35. Rdf1+ Ke5 36. Rf8 1-0

[Event "18sen.Bay.EM2006 Schney op"]
[Site "Schloss Schney (25.6.-3.7)"]
[Date "2006.07.03"]
[Round "9.18"]
[White "Claus, Joachim"]
[Black "Winkler, Karl-Heinz(32)"]
[Result "1-0"]
[WhiteElo "1765"]
[BlackElo "1702"]
[PlyCount "82"]
[EventDate "2006.07.??"]
[Source "Ganslmayer"]
[SourceDate "2012.12.20"]

1. f4 Nc6 2. Nf3 d5 3. e3 Nf6 4. Bb5 Bd7 5. O-O a6 6. Bxc6 Bxc6 7. d3 e6 8. b3
Be7 9. Ne5 Bd7 10. Nd2 Bc8 11. Ndf3 Nd7 12. Bb2 O-O 13. Qe1 f6 14. Nxd7 Qxd7
15. Qh4 Rf7 16. Rad1 c5 17. Qe1 Qc7 18. Bc1 Bd7 19. Rf2 b5 20. c4 Bc6 21. Rdd2
Rd8 22. cxd5 exd5 23. Rc2 Qb6 24. Bd2 b4 25. Qc1 Bb5 26. Ne1 Bf8 27. h4 f5 28.
Kh2 Rf6 29. Qb2 a5 30. a4 Ba6 31. Qc1 Be7 32. g3 h5 33. Qb1 Rg6 34. Rg2 Rc8 35.
Rc1 Rf6 36. Nf3 g6 37. Ne5 Rc7 38. Rd1 Qe6 39. Bc1 Kh7 40. Rc2 Rf8 41. Bb2 Rfc8
1-0

[Event "18sen.Bay.EM2006 Schney op"]
[Site "Schloss Schney (25.6.-3.7)"]
[Date "2006.07.03"]
[Round "9.19"]
[White "Weczerek, Franz"]
[Black "Mahrla, Hans Dr"]
[Result "0-1"]
[WhiteElo "1706"]
[BlackElo "1678"]
[PlyCount "58"]
[EventDate "2006.07.??"]
[Source "Ganslmayer"]
[SourceDate "2012.12.20"]

1. e4 e6 2. d4 d5 3. e5 c5 4. c3 Nc6 5. Nf3 Bd7 6. Be3 cxd4 7. cxd4 Qb6 8. Qc2
Rc8 9. Nc3 Nge7 10. a3 Na5 11. Bd3 Nb3 12. Rb1 h6 13. Nd2 Nxd4 14. Qd1 Nec6 15.
Ne2 Nxe5 16. Nf1 Nxd3+ 17. Qxd3 Nc2+ 18. Qxc2 Rxc2 19. Bxb6 axb6 20. Ne3 Rc7
21. O-O Bb5 22. Rfe1 Be7 23. Nd4 Bd7 24. Rbc1 Rxc1 25. Rxc1 Bf6 26. Ndc2 O-O
27. Nb4 Bxb2 28. Rc7 Bc8 29. Nec2 Be5 0-1

[Event "18sen.Bay.EM2006 Schney op"]
[Site "Schloss Schney (25.6.-3.7)"]
[Date "2006.07.03"]
[Round "9.20"]
[White "Reer, Erdmann"]
[Black "Wolf, Reinhard(37)"]
[Result "1-0"]
[WhiteElo "1884"]
[BlackElo "1698"]
[PlyCount "49"]
[EventDate "2006.07.??"]
[Source "Ganslmayer"]
[SourceDate "2012.12.20"]

1. e4 c5 2. Nc3 Nc6 3. g3 Nf6 4. Bg2 e5 5. Nge2 d6 6. d3 Nd4 7. O-O Be7 8. f4
Bg4 9. h3 Bxe2 10. Nxe2 Nxe2+ 11. Qxe2 Nd7 12. f5 Bg5 13. a3 Bxc1 14. Raxc1 Qg5
15. Qf2 h5 16. h4 Qh6 17. d4 Rc8 18. dxc5 dxc5 19. Rcd1 g5 20. fxg6 Qxg6 21.
Bh3 Rc7 22. Rxd7 Rxd7 23. Bxd7+ Kxd7 24. Qxf7+ Qxf7 25. Rxf7+ 1-0

[Event "18sen.Bay.EM2006 Schney op"]
[Site "Schloss Schney (25.6.-3.7)"]
[Date "2006.07.03"]
[Round "9.21"]
[White "Leuschner, Guenter"]
[Black "Lueders, Guenther Dr"]
[Result "1/2-1/2"]
[WhiteElo "1830"]
[BlackElo "1696"]
[PlyCount "124"]
[EventDate "2006.07.??"]
[Source "Ganslmayer"]
[SourceDate "2012.12.20"]

1. d4 d5 2. Nf3 Nf6 3. g3 Bf5 4. Bg2 c6 5. O-O Nbd7 6. Nbd2 h6 7. c4 e6 8. a3
Be7 9. Re1 O-O 10. b3 Ne4 11. Nxe4 Bxe4 12. Bb2 Nf6 13. Rc1 Rc8 14. Rc3 Bh7 15.
Nd2 Qd7 16. c5 Rfd8 17. b4 Bg6 18. Qa4 a6 19. Rcc1 Ra8 20. Qb3 Kf8 21. Bc3 Kg8
22. Nf3 Bh7 23. Ne5 Qc8 24. Red1 Ne4 25. Be1 Rf8 26. f3 Nf6 27. a4 Nd7 28. Ng4
f5 29. Nf2 e5 30. e4 fxe4 31. fxe4 Bg6 32. Bh3 exd4 33. Be6+ Kh8 34. exd5 cxd5
35. Qxd5 Nf6 36. Bxc8 Nxd5 37. Bxb7 Bg5 38. Bxa8 Bxc1 39. Bxd5 Be3 40. Kg2 Bc2
41. Ra1 d3 42. Nxd3 Bxd3 43. Ra3 Bf1+ 44. Kh1 Re8 45. c6 Bc1 46. Rf3 Rxe1 47.
Rf8+ Kh7 48. Be4+ g6 49. Rf7+ Kg8 50. Rxf1 Rxf1+ 51. Kg2 Rf8 52. Bd5+ Kg7 53.
Be6 Ba3 54. b5 axb5 55. axb5 Bd6 56. b6 Rf2+ 57. Kxf2 Bc5+ 58. Kf3 Bxb6 59. Ke4
Kf8 60. h3 g5 61. g4 Bc7 62. Bd7 Kf7 1/2-1/2

[Event "18sen.Bay.EM2006 Schney op"]
[Site "Schloss Schney (25.6.-3.7)"]
[Date "2006.07.03"]
[Round "9.23"]
[White "Zellner, Erwin"]
[Black "Stadler, Lothar"]
[Result "0-1"]
[WhiteElo "1613"]
[BlackElo "1790"]
[PlyCount "94"]
[EventDate "2006.07.??"]
[Source "Ganslmayer"]
[SourceDate "2012.12.20"]

1. d4 Nf6 2. Nf3 e6 3. e3 c5 4. c3 d5 5. Bb5+ Nbd7 6. Ne5 a6 7. Bxd7+ Nxd7 8.
Nxd7 Bxd7 9. O-O Bd6 10. Nd2 b6 11. Nf3 O-O 12. Re1 Bc6 13. Bd2 f6 14. Rc1 e5
15. g3 Qc8 16. Kg2 e4 17. Ng1 c4 18. Rf1 Bd7 19. h3 Qe8 20. f4 exf3+ 21. Qxf3
Qe6 22. Rce1 f5 23. Ne2 g5 24. Qh5 h6 25. Rf2 Be8 26. Qf3 g4 27. hxg4 fxg4 28.
Qxf8+ Bxf8 29. Nf4 Qe4+ 30. Kg1 b5 31. Ref1 Bd6 32. Bc1 Ra7 33. Ne2 Rf7 34.
Rxf7 Bxf7 35. Rf6 Be7 36. Rf4 Qg6 37. Rf1 Bg5 38. Nf4 Qd6 39. Kg2 h5 40. Rh1
Qh6 41. Bd2 Bxf4 42. exf4 Bg6 43. Rh2 Be4+ 44. Kf2 Bd3 45. Be3 Qg6 46. Rh1 Qe4
47. Rxh5 Qf3+ 0-1

[Event "18sen.Bay.EM2006 Schney op"]
[Site "Schloss Schney (25.6.-3.7)"]
[Date "2006.07.03"]
[Round "9.25"]
[White "Schmidt, Wolfgang(38)"]
[Black "Theuermeister, Peter"]
[Result "0-1"]
[WhiteElo "1627"]
[BlackElo "1752"]
[PlyCount "92"]
[EventDate "2006.07.??"]
[Source "Ganslmayer"]
[SourceDate "2012.12.20"]

1. d4 Nf6 2. Nf3 g6 3. c3 Bg7 4. h3 d5 5. e3 O-O 6. Bd3 b6 7. Nbd2 Bb7 8. Qc2
c5 9. Be2 cxd4 10. exd4 Nc6 11. Nf1 Re8 12. Be3 Ne4 13. h4 h5 14. Qc1 e5 15.
Qd1 exd4 16. Nxd4 Nxd4 17. Bxd4 Bxd4 18. Qxd4 Nc5 19. Ne3 Re4 20. Qd2 Rxh4 21.
O-O-O Rxh1 22. Rxh1 Ne4 23. Qe1 Qf6 24. Bf3 Nc5 25. Kb1 Rd8 26. Bxh5 gxh5 27.
Rxh5 Qg6+ 28. Rf5 Bc8 29. g4 Bxf5+ 30. Nxf5 Ne6 31. Ka1 Kf8 32. Qh1 Ke8 33.
Qh8+ Kd7 34. Qe5 Ke8 35. f3 Qg8 36. Qf6 Qf8 37. Qe5 Qc5 38. a3 d4 39. Qh8+ Kd7
40. Qh7 Rf8 41. cxd4 Nxd4 42. Nh6 Qc1+ 43. Ka2 Qc4+ 44. Kb1 Qe6 45. Qg7 Qg6+
46. Qxg6 fxg6 0-1

[Event "18sen.Bay.EM2006 Schney op"]
[Site "Schloss Schney (25.6.-3.7)"]
[Date "2006.07.03"]
[Round "9.26"]
[White "Van Bellen, Henk Dr"]
[Black "Schnurr, Anton"]
[Result "1/2-1/2"]
[WhiteElo "1731"]
[BlackElo "1697"]
[PlyCount "81"]
[EventDate "2006.07.??"]
[Source "Ganslmayer"]
[SourceDate "2012.12.20"]

1. Nc3 d5 2. e4 d4 3. Nce2 e5 4. Ng3 Nc6 5. Bc4 Nf6 6. h3 h5 7. Nf3 Qd6 8. Ng5
Nd8 9. d3 g6 10. O-O h4 11. Ne2 Nh5 12. f4 exf4 13. Nxf4 Ng3 14. e5 Qc6 15. Rf2
Be7 16. Nd5 Nf5 17. Bb5 Qxb5 18. Nxc7+ Kd7 19. Nxb5 Kc6 20. a4 Be6 21. Nxe6
fxe6 22. Qf3+ Kb6 23. Na3 Nc6 24. Nc4+ Kc7 25. Bd2 b6 26. b4 a6 27. b5 axb5 28.
Nxb6 Kxb6 29. a5+ Kc7 30. Qe4 Rhg8 31. a6 Ng3 32. Qg4 Nf5 33. Qe2 b4 34. Qe4
Rgb8 35. Qe1 Ra7 36. Bf4 Rb5 37. Kh2 g5 38. Bd2 Rxe5 39. Re2 Bd6 40. Kg1 Ne3
41. Bxe3 1/2-1/2

[Event "18sen.Bay.EM2006 Schney op"]
[Site "Schloss Schney (25.6.-3.7)"]
[Date "2006.07.03"]
[Round "9.27"]
[White "Porkristl, Werner"]
[Black "Hamm, Georg Dr"]
[Result "0-1"]
[WhiteElo "1635"]
[BlackElo "1950"]
[PlyCount "94"]
[EventDate "2006.07.??"]
[Source "Ganslmayer"]
[SourceDate "2012.12.20"]

1. Nc3 g6 2. d3 Bg7 3. Bd2 d5 4. Qc1 c5 5. Nd1 Nc6 6. c3 e5 7. e3 Nf6 8. Ne2
O-O 9. Ng3 Be6 10. Be2 Rc8 11. O-O Qd7 12. f3 Rfd8 13. Nf2 h5 14. Rd1 Nh7 15.
e4 Qe7 16. Bh6 h4 17. Nf1 f5 18. exf5 gxf5 19. Bxg7 Qxg7 20. h3 Kh8 21. Nh2 Rg8
22. Bf1 Nf6 23. Rd2 Nh5 24. Qd1 Nf4 25. Nfg4 fxg4 26. fxg4 Rcf8 27. Qe1 Qe7 28.
Nf3 Ng6 29. Qe3 Rf4 30. Re2 d4 31. cxd4 Nxd4 32. Nxd4 cxd4 33. Qd2 Rgf8 34.
Rae1 Qf6 35. Qc1 Kg7 36. Re4 Bd5 37. R4e2 Bxa2 38. Rc2 Bd5 39. Rc7+ Rf7 40.
Rxf7+ Qxf7 41. Qc5 b6 42. Qc8 Bb7 43. Qb8 Qd5 44. Re2 a6 45. Rc2 Kh6 46. Qe8
Qf7 47. Qd8 Rxf1+ 0-1

[Event "18sen.Bay.EM2006 Schney op"]
[Site "Schloss Schney (25.6.-3.7)"]
[Date "2006.07.03"]
[Round "9.28"]
[White "Wanner, Georges"]
[Black "Reichenbacher, Gerhard"]
[Result "0-1"]
[WhiteElo "1593"]
[BlackElo "1716"]
[PlyCount "68"]
[EventDate "2006.07.??"]
[Source "Ganslmayer"]
[SourceDate "2012.12.20"]

1. e4 c5 2. Nf3 g6 3. d4 cxd4 4. Nxd4 Nc6 5. Be3 Nf6 6. f3 Bg7 7. Nc3 O-O 8.
Qd2 d5 9. O-O-O dxe4 10. Nxe4 Nxe4 11. fxe4 Nxd4 12. Bxd4 Bxd4 13. Qxd4 Bg4 14.
Qxd8 Rfxd8 15. Rxd8+ Rxd8 16. Bd3 e5 17. h3 Be6 18. g4 Kf8 19. b3 Rd4 20. g5 a5
21. a4 Bxb3 22. cxb3 Rxd3 23. Kc2 Rd4 24. Re1 Kg7 25. Re3 b6 26. Kc1 h6 27. h4
hxg5 28. hxg5 f6 29. gxf6+ Kxf6 30. Rf3+ Kg7 31. Re3 g5 32. Kc2 Kg6 33. Rd3
Rxd3 34. Kxd3 g4 0-1

[Event "18sen.Bay.EM2006 Schney op"]
[Site "Schloss Schney (25.6.-3.7)"]
[Date "2006.07.03"]
[Round "9.29"]
[White "Aigner, Georg"]
[Black "Klose, Hans-Peter"]
[Result "1-0"]
[WhiteElo "1736"]
[BlackElo "1472"]
[PlyCount "61"]
[EventDate "2006.07.??"]
[Source "Ganslmayer"]
[SourceDate "2012.12.20"]

1. e4 c5 2. Nf3 g6 3. d4 cxd4 4. Nxd4 Nc6 5. c3 Nf6 6. Qd3 Bg7 7. Be2 O-O 8.
O-O d5 9. Nxc6 bxc6 10. e5 Ng4 11. Bxg4 Bxg4 12. Re1 Bf5 13. Qg3 e6 14. Nd2 f6
15. f4 Qb6+ 16. Kh1 fxe5 17. fxe5 Rf7 18. Nf3 Bd3 19. Nd4 c5 20. Qxd3 cxd4 21.
cxd4 Raf8 22. b3 Rf5 23. Ba3 R8f7 24. Bc5 Qd8 25. Rf1 Qg5 26. Rxf5 gxf5 27. Qa6
Qh6 28. Bxa7 Rc7 29. Bc5 Bf8 30. Qa8 Kf7 31. Qd8 1-0

[Event "18sen.Bay.EM2006 Schney op"]
[Site "Schloss Schney (25.6.-3.7)"]
[Date "2006.07.03"]
[Round "9.30"]
[White "Ludwig, Ines"]
[Black "Baumann, Walter(27)"]
[Result "0-1"]
[WhiteElo "1510"]
[BlackElo "1701"]
[PlyCount "108"]
[EventDate "2006.07.??"]
[Source "Ganslmayer"]
[SourceDate "2012.12.20"]

1. d4 Nf6 2. e3 g6 3. Bd3 Bg7 4. Nd2 O-O 5. c3 d6 6. e4 c5 7. d5 Ng4 8. h3 Ne5
9. Be2 f5 10. f4 Nf7 11. Ngf3 e5 12. dxe6 Bxe6 13. exf5 Bxf5 14. O-O Nc6 15.
Nb3 Be6 16. Ng5 Nxg5 17. fxg5 Rxf1+ 18. Bxf1 b5 19. Bf4 Be5 20. Bxe5 Nxe5 21.
h4 Qd7 22. Nd2 d5 23. Nf3 Nxf3+ 24. Qxf3 Rf8 25. Qg3 Qf7 26. a3 Bf5 27. Be2 Qe7
28. Re1 Re8 29. Kf1 Qe5 30. Qxe5 Rxe5 31. g3 Kf7 32. Kf2 Ke7 33. Rd1 Kd6 34.
Rd2 Be6 35. g4 Re4 36. Kg3 Ke5 37. Bf3 Re3 38. Re2 Rxe2 39. Bxe2 Ke4 40. Bxb5
Ke3 41. h5 Bf7 42. hxg6 Bxg6 43. Bc6 d4 44. cxd4 cxd4 45. Bf3 Bc2 46. g6 hxg6
47. Kg2 d3 48. g5 d2 49. Bg4 d1=Q 50. Bxd1 Bxd1 51. Kg3 Kd2 52. Kf4 Kc2 53. Ke5
Kxb2 54. Kf6 Bh5 0-1

[Event "18sen.Bay.EM2006 Schney op"]
[Site "Schloss Schney (25.6.-3.7)"]
[Date "2006.07.03"]
[Round "9.31"]
[White "Karner, Irmgard"]
[Black "Harke, Horst"]
[Result "0-1"]
[WhiteElo "1575"]
[BlackElo "1666"]
[PlyCount "56"]
[EventDate "2006.07.??"]
[Source "Ganslmayer"]
[SourceDate "2012.12.20"]

1. d4 d5 2. Nf3 c6 3. b3 e6 4. Bb2 Nf6 5. Nbd2 Bd6 6. e3 Nbd7 7. Bd3 O-O 8. O-O
Re8 9. h3 b6 10. c4 a5 11. a4 Bb4 12. Qc2 Bb7 13. Bc3 c5 14. Bxb4 cxb4 15. Rac1
Rc8 16. Qb1 g6 17. Rfe1 dxc4 18. Bxc4 Bd5 19. Bb5 Rf8 20. Rxc8 Qxc8 21. Rc1 Qb8
22. Qc2 Rd8 23. Qc7 Bxf3 24. Nxf3 Qxc7 25. Rxc7 Kg7 26. Nd2 Nf8 27. Nc4 Nd5 28.
Ra7 h5 0-1